000 00482nam a2200193 a 4500
001 1778317703212
003 YourLibrary
005 20260509144031.0
008 260509s1997##################000#0#eng##
020 _a9780195091922
082 0 4 _a415
_bGIO
100 1 _aGiorgi, Alessandra,
_eauthor.
245 1 0 _aTense and Aspect :
260 _c1997.
300 _a344 pages
650 0 _aForeign Language Study.
942 _cENGLISH
040 _aYourLibrary
_beng
_cYourLibrary
999 _c622946
_d622946